| 000 | 00568nam a2200193Ia 4500 | ||
|---|---|---|---|
| 003 | IN-BaIIA | ||
| 008 | 211028s9999 xx 000 0 eng d | ||
| 020 | _a0-201-13501-9 | ||
| 040 | _cIIA Library | ||
| 080 |
_a031:51 _bEMA-2 |
||
| 100 |
_aAndrews, George E _910539 |
||
| 245 | 4 |
_aThe Theory of ptitions _cGeorge E Andrews |
|
| 260 |
_aReading _bAddison-Wesley _c1976 |
||
| 300 | _axiv, 255p. | ||
| 650 | _aEncyclopedia-Mathematics | ||
| 650 |
_aMathematics Encyclopedia _910050 |
||
| 650 | _aNASA Thesaurus | ||
| 942 | _cBK | ||
| 999 |
_c6080 _d6080 |
||